Artisans in India : (Record no. 53493)

MARC details
000 -LEADER
fixed length control field 01902nam a22002897a 4500
005 - DATE AND TIME OF LATEST TRANSACTION
control field 20110630114551.0
010 ## - LCCN (DPL NO)
LC control number ENG-102829 B-447328-332
020 ## - INTERNATIONAL STANDARD BOOK NUMBER
Terms of availability 695.00
International Standard Book Number 9788189965075
035 ## - SYSTEM CONTROL NUMBER
System control number EN-86362 B-447328-332
037 ## - SOURCE OF ACQUISITION
Source of stock number/acquisition DBAD/PUB
037 ## - SOURCE OF ACQUISITION
Source of stock number/acquisition BPPD/KKP
082 ## - DEWEY DECIMAL CLASSIFICATION NUMBER
Classification number 331.794
100 ## - MAIN ENTRY--PERSONAL NAME
Personal name Ishtiyaq, M.
245 ## - TITLE STATEMENT
Title Artisans in India :
Remainder of title a socio-economic profile /
Statement of responsibility, etc by M. Ishtiyaq
260 ## - PUBLICATION, DISTRIBUTION, ETC. (IMPRINT)
Place of publication, distribution, etc New Delhi
Name of publisher, distributor, etc Genuine Publications & Media
Date of publication, distribution, etc 2011
270 ## - ADDRESS
Address B-35(LGF), Nizamuddin West,
City New Delhi
Postal code 110013
300 ## - PHYSICAL DESCRIPTION
Extent xiii,255p. :
Other physical details ill.
Dimensions 23cm (Hb)
500 ## - GENERAL NOTE
General note Includes index
942 ## - ADDED ENTRY ELEMENTS (KOHA)
Source of classification or shelving scheme Dewey Decimal Classification
Item type English Books
Call number suffix ISH
Classification part 331.794
Holdings
Withdrawn status Lost status Not for loan Collection code Home library Current library Date acquired Source of acquisition Cost, normal purchase price Full call number Barcode Copy number Cost, replacement price Koha item type
      Non-fiction Central Library Central Library 23/03/2012 KKP/22/23.9.11/BL1318/23.9.11/9.11.11 695.00 331.794 ISH B-447328 1 695.00 English Books
    Not For Loan Non-fiction D.B.Act.Division D.B.Act.Division 01/07/2011 DBAD / PUB 695.00 331.794 ISH EN-86362 1 695.00 English Books
      Non-fiction Karol Bagh Karol Bagh 23/03/2012 KKP/22/23.9.11/BL1318/23.9.11/9.11.11 695.00 331.794 ISH B-447331 1 695.00 English Books
      Non-fiction Patel Nagar Patel Nagar 23/03/2012 KKP/22/23.9.11/BL1318/23.9.11/9.11.11 695.00 331.794 ISH B-447329 1 695.00 English Books
      Non-fiction Sarojini Nagar Sarojini Nagar 23/03/2012 KKP/22/23.9.11/BL1318/23.9.11/9.11.11 695.00 331.794 ISH B-447330 1 695.00 English Books
      Non-fiction Shahdara Branch Shahdara Branch 23/03/2012 KKP/22/23.9.11/BL1318/23.9.11/9.11.11 695.00 331.794 ISH B-447332 1 695.00 English Books

© Delhi Public Library
Hit Counter
free hit counter